000 00440nam a2200181Ia 4500
001 1843
005 20260306143758.0
008 260306t2003||||xx |||||||||||||| ||spa||
041 _aESP
082 _a155.7
_bL87 T. 1
100 _aLópez de Bernal, María Elena
_eAUT
245 0 _aAprendiendo y creciendo juntos
260 _c2003
300 _a221 páginas :
_c29 cm.
650 _aGEN
654 _aCPS
942 _cLIB
_dJUS
_fJUS
_2ddc
_n
999 _c1843
_d1843